<?xml version="1.0" encoding="UTF-8"?><?xml-stylesheet type="text/xsl" href="static/style.xsl"?><OAI-PMH xmlns="http://www.openarchives.org/OAI/2.0/" xmlns:xsi="http://www.w3.org/2001/XMLSchema-instance" xsi:schemaLocation="http://www.openarchives.org/OAI/2.0/ http://www.openarchives.org/OAI/2.0/OAI-PMH.xsd"><responseDate>2026-04-13T02:59:22Z</responseDate><request verb="GetRecord" identifier="oai:www.recercat.cat:2117/422783" metadataPrefix="marc">https://recercat.cat/oai/request</request><GetRecord><record><header><identifier>oai:recercat.cat:2117/422783</identifier><datestamp>2026-01-24T02:43:41Z</datestamp><setSpec>com_2072_1033</setSpec><setSpec>col_2072_452949</setSpec></header><metadata><record xmlns="http://www.loc.gov/MARC21/slim" xmlns:dcterms="http://purl.org/dc/terms/" xmlns:xsi="http://www.w3.org/2001/XMLSchema-instance" xmlns:doc="http://www.lyncode.com/xoai" xsi:schemaLocation="http://www.loc.gov/MARC21/slim http://www.loc.gov/standards/marcxml/schema/MARC21slim.xsd">
   <leader>00925njm 22002777a 4500</leader>
   <datafield ind2=" " ind1=" " tag="042">
      <subfield code="a">dc</subfield>
   </datafield>
   <datafield ind2=" " ind1=" " tag="720">
      <subfield code="a">Fernandes, Laura</subfield>
      <subfield code="e">author</subfield>
   </datafield>
   <datafield ind2=" " ind1=" " tag="720">
      <subfield code="a">Imbronito, María Isabel</subfield>
      <subfield code="e">author</subfield>
   </datafield>
   <datafield ind2=" " ind1=" " tag="720">
      <subfield code="a">Almeida, Eneida de</subfield>
      <subfield code="e">author</subfield>
   </datafield>
   <datafield ind2=" " ind1=" " tag="260">
      <subfield code="c">2024-12</subfield>
   </datafield>
   <datafield ind2=" " ind1=" " tag="520">
      <subfield code="a">O skateboarding tem sido uma prática recorrente na cultura urbana e, nessa condição, tem contribuído para novas formas de uso e configuração do espaço urbano. Embora essa experiência seja comumente associada à apropriação de espaços públicos, sua relação com a cidade vai além do simples uso dos espaços urbanos. Este trabalho tem o objetivo de compreender a relação entre o skate, cidade e espaço público sob três perspectivas: a relação do skatista com a cidade vivida; a disposição dos elementos urbanos em ambientes destinados ao skate, ou em ambientes apropriados pelo skate; a influência da prática do skate na identidade e cultura urbana. O estudo de caso detém-se na análise de lugares vinculados à prática do skate de Porto Alegre. Metodologicamente, propõe uma revisão bibliográfica de caráter exploratório, sobrepondo lentes diversas, aptas a contribuir para a apreensão da complexidade da dinâmica urbana e de seus praticantes, para além de saberes especializados.</subfield>
   </datafield>
   <datafield ind2=" " ind1=" " tag="520">
      <subfield code="a">O skateboarding tem sido uma prática recorrente na cultura urbana e, nessa condição, tem contribuído para novas formas de uso e configuração do espaço urbano. Embora essa experiência seja comumente associada à apropriação de espaços públicos, sua relação com a cidade vai além do simples uso dos espaços urbanos. Este trabalho tem o objetivo de compreender a relação entre o skate, cidade e espaço público sob três perspectivas: a relação do skatista com a cidade vivida; a disposição dos elementos urbanos em ambientes destinados ao skate, ou em ambientes apropriados pelo skate; a influência da prática do skate na identidade e cultura urbana. O estudo de caso detém-se na análise de lugares vinculados à prática do skate de Porto Alegre. Metodologicamente, propõe uma revisão bibliográfica de caráter exploratório, sobrepondo lentes diversas, aptas a contribuir para a apreensão da complexidade da dinâmica urbana e de seus praticantes, para além de saberes especializados.</subfield>
   </datafield>
   <datafield ind2=" " ind1=" " tag="520">
      <subfield code="a">Peer Reviewed</subfield>
   </datafield>
   <datafield tag="653" ind2=" " ind1=" ">
      <subfield code="a">Skate e a cidade</subfield>
   </datafield>
   <datafield tag="653" ind2=" " ind1=" ">
      <subfield code="a">Reinvenção do espaço público</subfield>
   </datafield>
   <datafield tag="653" ind2=" " ind1=" ">
      <subfield code="a">Skate e ocupação do espaço</subfield>
   </datafield>
   <datafield tag="653" ind2=" " ind1=" ">
      <subfield code="a">Skateboarding and the city</subfield>
   </datafield>
   <datafield tag="653" ind2=" " ind1=" ">
      <subfield code="a">Reinvention of public space</subfield>
   </datafield>
   <datafield tag="653" ind2=" " ind1=" ">
      <subfield code="a">Skateboarding and occupation of space</subfield>
   </datafield>
   <datafield ind2="0" ind1="0" tag="245">
      <subfield code="a">De carrinho pela cidade: da rua ao skatepark a reinterpretação de equipamentos urbanos para a prática do skate no espaço público</subfield>
   </datafield>
   <datafield ind2="0" ind1="0" tag="245">
      <subfield code="a">De carrinho pela cidade: da rua ao skateparka</subfield>
   </datafield>
</record></metadata></record></GetRecord></OAI-PMH>